Modrý vrch nad Zvolenom
Reklamná agentúra Modrý vrch zameraná na grafické práce. Vznik a ťažisko činnosti. Súčasná situácia. Vývoj portfólia spoločnosti. Marketingový výskum.
Uložené v:
| Médium: | Kapitola |
|---|---|
| Jazyk: | Slovak |
| Predmet: | |
| Tagy: |
Žiadne tagy, Buďte prvý, kto otaguje tento záznam!
|
MARC
| LEADER | 00000naa a2200000 4500 | ||
|---|---|---|---|
| 001 | r022993 | ||
| 005 | 20230922093609.5 | ||
| 041 | 0 | |a slo | |
| 044 | |a SK | ||
| 245 | 1 | 0 | |a Modrý vrch nad Zvolenom |
| 520 | |a Reklamná agentúra Modrý vrch zameraná na grafické práce. Vznik a ťažisko činnosti. Súčasná situácia. Vývoj portfólia spoločnosti. Marketingový výskum. | ||
| 610 | 2 | 0 | |a podnikanie |
| 610 | 2 | 0 | |a agentúry |
| 610 | 2 | 0 | |a reklama |
| 610 | 2 | 0 | |a Modrý vrch, s.r.o. Zvolen |
| 610 | 2 | 0 | |a marketing |
| 610 | 2 | 0 | |a portfólio |
| 610 | 2 | 0 | |a spoločnosti obchodné |
| 610 | 2 | 0 | |a prieskum trhu |
| 610 | 2 | 0 | |a grafika počítačová |